| 000 | 00449nam a2200169Ia 4500 | ||
|---|---|---|---|
| 005 | 20250508152444.0 | ||
| 008 | 008 250505s9999 xx 000 0 eng d | ||
| 037 | _aTextual | ||
| 040 |
_aFEDL _beng _cFEDL |
||
| 041 |
_aeng _2eng |
||
| 084 |
_a900.58, WOR _qFEDL |
||
| 245 | 0 | _aWorld events | |
| 260 |
_aLondon, UK _bLongmans, Green and Co. _c1959 |
||
| 300 | _a589p. | ||
| 942 |
_cTEXL _h900.58, WOR |
||
| 999 |
_c1336533 _d1336533 |
||